Score 0/7 Timer 03:00
1 Play Today
Question Answer Wrong Answers
This city, the financial center and technology hub of Israel, is founded.
1909
Tel Aviv
88.4%
Jerusalem
8.2%
Beersheba
1.4%
Nazareth
1.1%
This Ugandan dictator, who claimed to be the ‘uncrowned King of Scotland’, is deposed and sent into exile.
1979
Idi Amin
79.6%
Muammar Gaddafi
4.2%
Omar Al-Bashir
3.9%
Robert Mugabe
9.6%
In Caracas, over two-hundred thousand people march towards the Presidential palace to demand the resignation of this man. 19 protesters are killed.
2002
Hugo Chávez
79.6%
Nicolás Maduro
7.2%
Rafael Correa
5.3%
Evo Morales
4.8%
The Treaty of Fontainebleau is signed, ending Napoleon's rule as emperor of France and sending him to exile on this Mediterranean island.
1814
Elba
78.9%
Majorca
2.8%
Corsica
12.4%
Crete
5.8%
This man signs the Civil Rights Act of 1968, prohibiting discrimination in the sale, rental, and financing of housing.
1968
Lyndon B. Johnson
77.3%
Hubert Humphrey
1.5%
John F. Kennedy
9.5%
Richard Nixon
10.1%
This spacecraft, commanded by James A. Lovell, takes off from Kennedy Space Center in Florida.
1970
Apollo 13
74.4%
Apollo 11
14.7%
Apollo 12
5.7%
Apollo 14
3.1%
Iranian president Mahmoud Ahmadinejad announces Iran's claim to have successfully enriched ______, a critical component for nuclear power generation.
2006
Uranium
72.7%
Plutonium
21.4%
Curium
0.7%
Hydrogen
1.8%
Remove Ads.
Support Sporcle.
Get the best of Sporcle when you Go Orange. This ad-free experience offers more features, more stats, and more fun while also helping to support Sporcle. Thank you for becoming a member.

You're not logged in!

Compare scores with friends on all Sporcle quizzes.
OR
Log In

Show Comments

Extras

Top Quizzes Today


Score Distribution

Your Account Isn't Verified!

In order to create a playlist on Sporcle, you need to verify the email address you used during registration. Go to your Sporcle Settings to finish the process.

Report this User

Report this user for behavior that violates our Community Guidelines.

Details: